00878nam a22002657a 45000010005000000030006000050050017000110080041000280200018000690400029000870500019001160820008001351000019001432450039001622600046002013000049002474900048002965050008003445200110003525210020004625210020004826500033005027000043005357000034005789818FISKH20260227082657.0260227b cb ||||| |||| 00| 0 eng d a9780516246673 aFISKHbengcFISKHdFISKH a QC173.36 .C87 a530 aCurry , Don L. aWhat is matter? /cBy Don L. Curry aNew York : bChildren's Press , c2004 .  a31 pages : bcolor illustrations ;c18 cm .  aRookie Read-About Science: Physical Science aG  aA simple introduction to matter, describing what it is and giving some examples of the forms it can take.8 a400 bLexile 8 aG bRaz-Plus  aMattervJuvenile Literature  aAnderson , CarolineePhoto Researcher  aBullock , Linda eConsultant